01353agaaa2200265 45000010005000000030009000050050017000140070009000310080040000400400023000800410013001031000047001161300038001632450166002012500022003672600126003893000033005155080059005485200260006075380016008675460013008836500075008967000059009717000057010305137IT-RoPAU20220918181238.0d cvaizq50131s9999||||xx ||| | || ||und|| aIT-RoPAUcIT-RoPAU aITALIANO aFraiese PaologCodice regista SPICS: 29731 aGIORGIO LA PIRA-L'UOMO DELLA PACE aGIORGIO LA PIRA-L'UOMO DELLA PACEcProdotto da: Fraiese Paolo Diretto da: Fraiese PaolopGIORGIO LA PIRA-L'UOMO DELLA PACE (Rif. Codice opera principale : 85137) aEdizione Standard aROMA (ITALIA)bSAMPAOLO FILM AUDIOVISIVI / Distribuzione: MASTER VIDEOg"1989? (1° ed.: 1989 ; Ed. Lingua Orig.: 1989?)" aVHSbsonoro, col.c25 minuti a"Fotografia: Campus Paolino; Musica: Lolini Ruggero; " aLUOGHI DELLA RIFLESSIONE E DELL'OPERA DI GIORGIO LA PIRA SINDACO SANTO, PROFETA DISARMATO GIORGIO LA PIRA COME GRANDE EDUCATORE E VERO UOMO DI PACE TESTIMONIANZE DI SUOI GIOVANI DISCEPOLI COME PROPOSTE DI UTILIZZAZIONE PASTORALE FILM DOCUMENTARIO A COLORI aPAL, STEREO aITALIANO aDOCUMENTARIOeTV-PROGRAMMI RELIGIOSI [VHS]xCodice MATERIA SPICS: 9963 aFraiese Paolo e(regista)gCodice regista SPICS: 29731 aLolini Ruggeroe(musica)gCodice Musica SPICS: 13188